| 000 | 01054nam a2200241Ia 4500 | ||
|---|---|---|---|
| 999 |
_c38647 _d38647 |
||
| 001 | 4869 | ||
| 003 | GE_BSU | ||
| 005 | 20190809133838.0 | ||
| 008 | 181216s2009||||ge |||||||||||||| ||geo|| | ||
| 020 | _a9994079387 | ||
| 040 | _cGE_BSU | ||
| 041 | _ageo | ||
| 080 | _a811.111'36(075) ზ-26 | ||
| 100 |
_aზამბახიძე, ეკა _93474 |
||
| 245 |
_aინგლისური ენის გრამატიკა / _cეკა ზამბახიძე, მაკა ზამბახიძე ; ქართ.ტექსტის რედ. ჯ. ხურცილავა |
||
| 264 |
_aთბილისი : _bეგრისი ; _c2009. |
||
| 300 |
_a416 გვ. ; _c20 სმ. |
||
| 541 | _h13ლ. | ||
| 653 | _aინგლისური ენის გრამატიკა | ||
| 700 |
_aზამბახიძე, მაკა _eავტორი _93475 |
||
| 700 |
_aხურცილავა, ჯ. _eქართული ტექსტის რედაქტორი _93476 |
||
| 942 |
_cBK _2udc |
||